Toutes les équipes suisse depuis 2013 - Statistiques

Statistiques générales
  • Ce quiz a été pris 130 fois
  • Le résultat moyen est 79 sur 90
Statistiques - réponses
# Equipes % Correct
3 BSC Young Boys
99%
2 BSC Young Boys
99%
2 BSC Young Boys
99%
2 BSC Young Boys
99%
1 BSC Young Boys
99%
1 BSC Young Boys
99%
1 BSC Young Boys
99%
1 BSC Young Boys
99%
3 BSC Young Boys
99%
1 FC Bâle
99%
1 FC Bâle
99%
1 FC Bâle
99%
1 FC Bâle
99%
2 FC Bâle
99%
2 FC Bâle
99%
3 FC Bâle
99%
2 FC Bâle
99%
2 FC Bâle
99%
5 FC Zürich
99%
3 FC Zürich
99%
10 FC Zürich
99%
4 FC Zürich
99%
7 FC Zürich
99%
7 FC Zürich
99%
8 FC Zürich
99%
1 FC Zürich
99%
4 Servette FC
94%
3 Servette FC
94%
6 Servette FC
94%
8 FC Sion
92%
7 FC Sion
92%
5 FC Sion
92%
4 FC Sion
92%
6 FC Sion
92%
8 FC Sion
92%
8 FC Sion
92%
9 FC Sion
92%
7 FC Sion
92%
10 FC Lausanne-Sport
90%
9 FC Lausanne-Sport
90%
10 FC Lausanne-Sport
90%
6 FC Lausanne-Sport
90%
10 FC Lausanne-Sport
90%
7 FC Saint-Gall
86%
6 FC Saint-Gall
86%
7 FC Saint-Gall
86%
7 FC Saint-Gall
86%
5 FC Saint-Gall
86%
6 FC Saint-Gall
86%
2 FC Saint-Gall
86%
7 FC Saint-Gall
86%
5 FC Saint-Gall
86%
4 FC Lucerne
84%
5 FC Lucerne
84%
3 FC Lucerne
84%
5 FC Lucerne
84%
3 FC Lucerne
84%
5 FC Lucerne
84%
6 FC Lucerne
84%
5 FC Lucerne
84%
9 FC Lucerne
84%
9 FC Lugano
84%
3 FC Lugano
84%
8 FC Lugano
84%
3 FC Lugano
84%
5 FC Lugano
84%
4 FC Lugano
84%
4 FC Lugano
84%
9 Neuchâtel Xamax
79%
10 Neuchâtel Xamax
79%
2 Grasshopper Zürich
77%
8 Grasshopper Zürich
77%
4 Grasshopper Zürich
77%
8 Grasshopper Zürich
77%
9 Grasshopper Zürich
77%
10 Grasshopper Zürich
77%
8 Grasshopper Zürich
77%
6 FC Thoune
71%
4 FC Thoune
71%
6 FC Thoune
71%
6 FC Thoune
71%
7 FC Thoune
71%
4 FC Thoune
71%
9 FC Thoune
71%
9 FC Vaduz
69%
8 FC Vaduz
69%
10 FC Vaduz
69%
10 FC Vaduz
69%
9 FC Aarau
68%
10 FC Aarau
68%
Aucun quiz correspondant
Distribution des résultats
% des personnes avec chaque résultat
Percentile par nombre de réponses
Votre historique - résultats
Vous n’avez pas pris ce quiz